Statistics for Asian Shape to Country Click Quiz

Click here to take the quiz!

General Stats

  • This quiz has been taken 218 times
  • The average score is 38 of 48

Answer Stats

HintAnswer% Correct
China
92%
India
91%
Japan
89%
Cyprus
88%
Turkey
88%
Indonesia
87%
Maldives
87%
Philippines
87%
Malaysia
85%
Saudi Arabia
85%
Vietnam
85%
Mongolia
84%
Nepal
84%
Israel
83%
Kazakhstan
83%
Laos
83%
Pakistan
83%
Yemen
83%
Bangladesh
82%
Sri Lanka
82%
Afghanistan
81%
Myanmar
81%
United Arab Emirates
81%
Thailand
80%
Iran
79%
Taiwan
79%
Iraq
78%
Jordan
78%
Oman
78%
East Timor
77%
South Korea
77%
Singapore
76%
Syria
75%
Cambodia
74%
North Korea
74%
Lebanon
72%
Uzbekistan
72%
Bhutan
70%
Kyrgyzstan
70%
Azerbaijan
69%
Georgia
69%
Kuwait
69%
Qatar
69%
Turkmenistan
67%
Armenia
65%
Brunei
65%
Tajikistan
65%
Bahrain
60%

Score Distribution

Percentile by Number Answered

Percent of People with Each Score

Your Score History

You have not taken this quiz